Solid state electronic devices (Record no. 28370)
[ view plain ]
| 000 -LEADER | |
|---|---|
| fixed length control field | 00375nam a2200157Ia 4500 |
| 082 ## - DEWEY DECIMAL CLASSIFICATION NUMBER | |
| Classification number | 621.381 |
| Item number | BHA |
| 100 ## - MAIN ENTRY--PERSONAL NAME | |
| Personal name | Bhattacharya/D.K/ Sharma/Rajnish |
| 245 ## - TITLE STATEMENT | |
| Title | Solid state electronic devices |
| 260 ## - PUBLICATION, DISTRIBUTION, ETC. | |
| Name of publisher, distributor, etc. | Oxford university press |
| Date of publication, distribution, etc. | 2007 |
| 366 ## - TRADE AVAILABILITY INFORMATION | |
| Publishers's discount category | 25 |
| 300 ## - PHYSICAL DESCRIPTION | |
| Extent | 537 |
| 546 ## - LANGUAGE NOTE | |
| Language note | ENGLISH |
| -- | PAMPHALETS |
| 650 ## - SUBJECT ADDED ENTRY--TOPICAL TERM | |
| Topical term or geographic name entry element | Electronic devices |
| 942 ## - ADDED ENTRY ELEMENTS (KOHA) | |
| Koha item type | BOOK |
| Withdrawn status | Lost status | Damaged status | Not for loan | Collection | Home library | Current library | Date acquired | Source of acquisition | Cost, normal purchase price | Inventory number | Total Checkouts | Full call number | Barcode | Date last seen | Cost, replacement price | Price effective from | Koha item type |
|---|---|---|---|---|---|---|---|---|---|---|---|---|---|---|---|---|---|
| CRC | Fr. Agnel's C.Rodrigues College of Engineering | Fr. Agnel's C.Rodrigues College of Engineering | 17/03/2023 | Book Base | 251.25 | 12460 dt 07.09.2013 | 621.381 BHA | 22948 | 17/03/2023 | 335.00 | BOOK | ||||||
| CRC | Fr. Agnel's C.Rodrigues College of Engineering | Fr. Agnel's C.Rodrigues College of Engineering | 17/03/2023 | Book Base | 251.25 | 12460 dt 07.09.2013 | 621.381 BHA | 22949 | 17/03/2023 | 335.00 | BOOK | ||||||
| CRC | Fr. Agnel's C.Rodrigues College of Engineering | Fr. Agnel's C.Rodrigues College of Engineering | 17/03/2023 | Book Base | 251.25 | 12460 dt 07.09.2013 | 621.381 BHA | 22950 | 17/03/2023 | 335.00 | BOOK | ||||||
| CRC | Fr. Agnel's C.Rodrigues College of Engineering | Fr. Agnel's C.Rodrigues College of Engineering | 17/03/2023 | Book Base | 251.25 | 12460 dt 07.09.2013 | 621.381 BHA | 22951 | 17/03/2023 | 335.00 | BOOK | ||||||
| CRC | Fr. Agnel's C.Rodrigues College of Engineering | Fr. Agnel's C.Rodrigues College of Engineering | 17/03/2023 | Book Base | 251.25 | 12460 dt 07.09.2013 | 621.381 BHA | 22952 | 17/03/2023 | 335.00 | BOOK |